000 00871nam a2200205Ia 4500
005 20260121110256.0
008 008 260114s9999 xx 000 0 hin d
020 _a9788132391050
037 _aEBOOK
040 _aCRL
_bhin
_cCRL
041 _ahin
_2hin
084 _qCRL
100 _aशबीना दाउद / Shabeena Daoud
_9944178
245 0 _aआधुनिक संगीत की शास्त्रोक्त परम्परा: भरतनिर्दिष्ट संगीतवोधक सिद्धान्त परिचय / Aadhunik Sangeet ki Shastrukt Parampara: Bharatinirdisht Sangeetvodhak Siddhant Parichay
260 _bभाषा प्रकाशन / Bhasha Prakashan
_c2023
856 _uhttps://bhashaprakashan.com/product-details/436844
942 _cEBOOK
999 _c1535842
_d1535842